|
|
|
|
| LEADER |
00728naa a2200181 i 4500 |
| 001 |
acta67996 |
| 005 |
20260224081030.0 |
| 008 |
200424s2012 hu o 000 hun d |
| 020 |
|
|
|a 978-963-963-9573-90-1
|
| 040 |
|
|
|a SZTE Egyetemi Kiadványok Repozitórium
|b hun
|
| 041 |
|
|
|a hun
|
| 100 |
1 |
|
|a Szűcs Norbert
|
| 245 |
1 |
2 |
|a A szegedi lakosok és pedagógusok integrált oktatással kapcsolatos attitűdjei
|h [elektronikus dokumentum] /
|c Szűcs Norbert
|
| 260 |
|
|
|c 2012
|
| 300 |
|
|
|a 315-329
|
| 490 |
0 |
|
|a A szociológia szemüvegén keresztül : tanulmányok Feleky Gábor 60. születésnapjára
|
| 695 |
|
|
|a Szociológia, Integrált oktatás
|
| 856 |
4 |
0 |
|u http://acta.bibl.u-szeged.hu/67996/1/2012_feleky_60_315-329.pdf
|z Dokumentum-elérés
|